Southville International School and Colleges
Your cart is empty.
  • Cart
  • Lists
    Public lists Eva Luna New books Lux_list list_1
    Your lists Log in to create your own lists
  • Log in to your account
  • Your cookies
  • Search history
Southville International School and Colleges
  • Advanced search
  • Recent comments
  • Most popular
  • Libraries

Log in to your account

Log in with GOOGLE


If you do not have an external account, but do have a local account, you can still log in:

  1. Home
  2. MARC view: Strange but true? :
Normal view MARC view ISBD view

Strange but true? : (Record no. 2548)

[ view plain ]
MARC details
000 -LEADER
fixed length control field 00565nam a22002057a 4500
003 - CONTROL NUMBER IDENTIFIER
control field OSt
005 - DATE AND TIME OF LATEST TRANSACTION
control field 20140310181735.0
008 - FIXED-LENGTH DATA ELEMENTS--GENERAL INFORMATION
fixed length control field 130319t xxu||||| |||| 00| 0 eng d
020 ## - INTERNATIONAL STANDARD BOOK NUMBER
International Standard Book Number 1863094877
050 ## - LIBRARY OF CONGRESS CALL NUMBER
Classification number AG 243
Item number .St897 1997
082 ## - DEWEY DECIMAL CLASSIFICATION NUMBER
Classification number TR 133.21
Item number St81 1997
245 ## - TITLE STATEMENT
Title Strange but true? :
Remainder of title insight into bizarre phenomena of all kinds/
260 ## - PUBLICATION, DISTRIBUTION, ETC. (IMPRINT)
Place of publication, distribution, etc Australia :
Name of publisher, distributor, etc The Book Company Int'l Ltd,
Date of publication, distribution, etc 1997.
300 ## - PHYSICAL DESCRIPTION
Extent 127 p. :
Dimensions 21 cm.
520 ## - SUMMARY, ETC.
Summary, etc 1. Parapsychology
521 ## - TARGET AUDIENCE NOTE
Target audience note
541 ## - IMMEDIATE SOURCE OF ACQUISITION NOTE
-- 1
562 ## - COPY AND VERSION IDENTIFICATION NOTE
Number of copies 1
942 ## - ADDED ENTRY ELEMENTS (KOHA)
Source of classification or shelving scheme Library of Congress Classification
Koha item type
Call number prefix
Holdings
Withdrawn status Lost status Source of classification or shelving scheme Damaged status Home library Current library Shelving location Date acquired Total Checkouts Full call number Barcode Date last seen Copy number Price effective from Koha item type
    Library of Congress Classification   Luxembourg Library Luxembourg Library Teachers Reference Section 03/19/2013   AG 243 .St897 1997 9405 08/13/2013 1 10/03/2013 Books

Strange but true? :

APA

(1997). Strange but true?. Australia: The Book Company Int'l Ltd.

Chicago

1997. Strange but true?. Australia: The Book Company Int'l Ltd.

Harvard

(1997). Strange but true?. Australia: The Book Company Int'l Ltd.

MLA

Strange but true?. Australia: The Book Company Int'l Ltd. 1997.

  • Place hold
  • Print
  • Cite
  • Add to your cart (remove)
  • Save record
    BIBTEX Dublin Core MARCXML MARC (non-Unicode/MARC-8) MARC (Unicode/UTF-8) MARC (Unicode/UTF-8, Standard) MODS (XML) RIS
  • More searches
    Search for this title in:
    Other Libraries (WorldCat) Other Databases (Google Scholar) Online Stores (Bookfinder.com) Open Library (openlibrary.org)

Exporting to Dublin Core...

SOUTHVILLE LIBRARY

Southville International School and Colleges Library

1281 Tropical Ave. Cor. Luxembourg St., BF Homes International, Las Pinas City

Tel. No. 8256374 / 252358 Loc. 117/146

Powered by Koha